| 000 | 00785nam a2200289Ia 4500 | ||
|---|---|---|---|
| 005 | 20260324131229.0 | ||
| 008 | 008 260324s9999 xx 000 0 eng d | ||
| 020 | _a9780429191671 | ||
| 037 | _aEBOOK | ||
| 040 | _aCRL | ||
| 040 | _beng | ||
| 040 | _cCRL | ||
| 041 | _2eng | ||
| 041 | _aeng | ||
| 084 | _qCRL | ||
| 100 |
_aGoong Chen; Carsten Henkel; Marlan O. Scully; M. Suhail Zubairy; Berthold-Georg Englert; David A. Church; Bernd Rohwedder _91184724 |
||
| 245 | 0 | _aQuantum Computing Devices | |
| 245 | 0 | _bPrinciples, Designs, and Analysis | |
| 260 | _bTaylor and Francis | ||
| 260 | _c2006 | ||
| 365 | _a | ||
| 365 | _b385 | ||
| 856 | _uhttp://www.taylorfrancis.com/books/9780429191671 | ||
| 942 | _cEBOOK | ||
| 999 |
_c1781687 _d1781687 |
||